000 00649nam a2200205Ia 4500
005 20251020182609.0
008 200515s9999 xx 000 0 und d
082 _aSC/621.38/M45
110 _aInstituto Metropolitano
245 0 _aElectrónica
260 _aLima
260 _cs.a.
300 _a103
520 _aTexto para estudiantes post secundaria en la especialidad de electrónica. Contiene, fundamentos de la física, circuitos, Ley de Ohm, magnetismo, aparatos de medición para circuitos electrónicos
650 _aCIRCUITOS ELECTRICOS
650 _aELECTRONICA
650 _aLEY DE OHM
650 _aMAGNETISMO
942 _cLIB
999 _c3285
_d3285